[Event "Reykjavik op"]
[Site "Reykjavik"]
[Date "2024.03.18"]
[Round "6"]
[White "Deac, Bogdan Daniel"]
[Black "Steingrimsson, Hedinn"]
[Result "1-0"]
[WhiteElo "2690"]
[BlackElo "2477"]
[PlyCount "139"]
[EventDate "2024.03.15"]
[EventType "swiss"]
[EventRounds "9"]
[EventCountry "ISL"]
[SourceTitle "CB13_2024"]
[SourceDate "2024.03.27"]
[SourceVersion "1"]
[SourceVersionDate "2024.03.27"]
[SourceQuality "1"]

1. e4 e5 2. Nf3 Nc6 3. Bb5 a6 4. Ba4 Nf6 5. 0-0 Be7 6. d3 b5 7. Bb3 d6 8. c3 0-0 9. a4 Rb8 10. axb5 axb5 11. h3 b4 12. Re1 bxc3 13. bxc3 Bb7 14. Nbd2 Ra8 15. Rb1 Na5 16. Bc2 c5 17. Nf1 Qc7 18. Ng3 Rfb8 19. Nf5 Bf8 20. Bg5 Ne8 21. Ne3 Be7 22. Bxe7 Qxe7 23. d4 f6 24. Bd3 Kh8 25. d5 g6 26. Qe2 Ng7 27. Rb5 Bc8 28. Rxb8 Rxb8 29. Qa2 Qc7 30. Ra1 Nb3 31. Rb1 c4 32. Nxc4 Nc5 33. Rxb8 Qxb8 34. Bc2 Ba6 35. Na5 Nh5 36. Nd2 Nf4 37. Kh2 Nfd3 38. Bxd3 Bxd3 39. f3 Qa7 40. Qa3 Nb7 41. Nac4 Qxa3 42. Nxa3 f5 43. Kg3 Kg7 44. c4 Kf6 45. exf5 gxf5 46. f4 e4 47. Kf2 h5 48. g3 Na5 49. Ke3 h4 50. gxh4 Kg6 51. Kd4 Kh5 52. Nb5 Nb7 53. Ke3 Kxh4 54. Nd4 Kxh3 55. Nxf5 Kg4 56. Nh6+ Kh5 57. Nf7 Kg6 58. Ng5 Na5 59. Ngxe4 Bxc4 60. Nxc4 Nxc4+ 61. Kd4 Nb6 62. Nxd6 Nd7 63. Ke4 Nc5+ 64. Kf3 Na4 65. Ne4 Kf5 66. d6 Ke6 67. f5+ Kd7 68. Ke3 Nb6 69. Kd4 Kc6 70. f6 1-0

[Event "Chesterfield SPICE Cup op"]
[Site "Chesterfield"]
[Date "2022.12.19"]
[Round "3"]
[White "Steingrimsson, Hedinn"]
[Black "Hakobyan, Aram"]
[Result "1-0"]
[WhiteElo "2504"]
[BlackElo "2620"]
[PlyCount "119"]
[EventDate "2022.12.18"]
[EventType "swiss"]
[EventRounds "9"]
[EventCountry "USA"]
[SourceTitle "CBM 212 Extra"]
[Source "ChessBase"]
[SourceDate "2023.03.31"]
[SourceVersion "1"]
[SourceVersionDate "2023.03.31"]
[SourceQuality "1"]

1. c4 e6 2. Nc3 d5 3. d4 Nf6 4. cxd5 exd5 5. Bg5 Be7 6. e3 0-0 7. Bd3 h6 8. Bh4 c6 9. Nge2 Re8 10. 0-0 a5 11. Rc1 Nbd7 12. f3 b5 13. Bf2 a4 14. Ng3 Nb6 15. Bb1 Be6 16. h3 Nfd7 17. Nce2 Rc8 18. Nf4 Nf8 19. Nxe6 Nxe6 20. Qd3 Nf8 21. Nf5 Nc4 22. Nxe7+ Qxe7 23. Rc2 Qb4 24. Be1 Qd6 25. Bf2 Qb4 26. Be1 Qd6 27. Re2 Qg6 28. Qxg6 Nxg6 29. Kf2 c5 30. b3 Nb6 31. dxc5 Rxc5 32. Bb4 Rc7 33. Bd3 d4 34. exd4 Rxe2+ 35. Kxe2 Nf4+ 36. Kd2 Nxd3 37. Kxd3 Nd5 38. Bc5 axb3 39. axb3 f5 40. Re1 Kf7 41. g3 g6 42. Ra1 h5 43. Ra5 Rb7 44. Ra6 Rd7 45. Ra5 Rb7 46. Ra6 Rd7 47. Kd2 Rd8 48. Ra5 f4 49. g4 hxg4 50. hxg4 Ke6 51. Kd3 g5 52. b4 Rh8 53. Ra6+ Kf7 54. Ke4 Ne3 55. Ra7+ Kf6 56. Be7+ Ke6 57. Bxg5 Re8 58. Bxf4 Nc2 59. Be5 Nxb4 60. d5+ 1-0

[Event "ISL-chT Kvika 2223"]
[Site "Reykjavik"]
[Date "2022.10.14"]
[Round "2.3"]
[White "Cheparinov, Ivan"]
[Black "Steingrimsson, Hedinn"]
[Result "1/2-1/2"]
[WhiteElo "2689"]
[BlackElo "2512"]
[PlyCount "71"]
[EventDate "2022.10.13"]
[EventType "team-tourn"]
[EventRounds "10"]
[EventCountry "ISL"]
[SourceTitle "CBM 213 Extra"]
[Source "ChessBase"]
[SourceDate "2023.05.31"]
[SourceVersion "1"]
[SourceVersionDate "2023.05.31"]
[SourceQuality "1"]
[WhiteTeam "Taflfelag Gardjabaejar"]
[BlackTeam "Skakdeild Fjolnis"]
[WhiteTeamCountry "ISL"]
[BlackTeamCountry "ISL"]

1. e4 c6 2. d4 d5 3. e5 Bf5 4. Nf3 e6 5. Be2 Nd7 6. 0-0 Ne7 7. c3 h6 8. a4 c5 9. dxc5 Nxc5 10. Nd4 Bh7 11. a5 a6 12. b4 Nd7 13. f4 Nf5 14. Bd3 Nxd4 15. Bxh7 Nc6 16. Bc2 d4 17. f5 exf5 18. e6 fxe6 19. Qh5+ Ke7 20. Ba3 d3 21. Bxd3 g6 22. Qxg6 Nce5 23. Qg3 Nxd3 24. Qxd3 Ne5 25. Qg3 Kf6 26. Bb2 Rg8 27. Qxg8 Bc5+ 28. bxc5 Qxg8 29. c4 Qf8 30. Re1 Qxc5+ 31. Kh1 Rd8 32. Rxe5 Kf7 33. Re1 Qf2 34. Bc3 Rg8 35. Rg1 Rxg2 36. Rxg2 1/2-1/2

[Event "Heart of Finland op 30th"]
[Site "Jyvaskyla"]
[Date "2022.07.23"]
[Round "8"]
[White "Sipila, Vilka"]
[Black "Steingrimsson, Hedinn"]
[Result "1-0"]
[WhiteElo "2416"]
[BlackElo "2513"]
[PlyCount "159"]
[EventDate "2022.07.18"]
[EventType "swiss"]
[EventRounds "9"]
[EventCountry "FIN"]
[SourceTitle "CBM 209 Extra"]
[Source "ChessBase"]
[SourceDate "2022.09.30"]
[SourceVersion "1"]
[SourceVersionDate "2022.09.30"]
[SourceQuality "1"]

1. e4 e5 2. Nf3 Nc6 3. d4 exd4 4. Nxd4 Nf6 5. Nxc6 bxc6 6. e5 Qe7 7. Qe2 Nd5 8. c4 Nb6 9. Nc3 Ba6 10. b3 0-0-0 11. Bb2 Re8 12. f4 g5 13. 0-0-0 gxf4 14. Qd2 Bb7 15. Qxf4 Bg7 16. Ne4 Bxe5 17. Bxe5 Qxe5 18. Qxe5 Rxe5 19. Bd3 c5 20. Nf6 h5 21. Rhe1 Re6 22. Rf1 Bxg2 23. Rf2 Bc6 24. h4 Kb7 25. Rf5 d6 26. Kd2 Nc8 27. Rdf1 Rh6 28. R5f4 Ne7 29. R4f2 Ng6 30. Bxg6 fxg6 31. Rg1 a5 32. Ng8 Rh8 33. Nf6 Be8 34. Rf4 Kc8 35. Rg2 Kd8 36. Rg3 c6 37. Rg2 Ke7 38. Rgf2 Kd8 39. Ne4 Ke7 40. Ng5 Re5 41. Nf7 Bxf7 42. Rxf7+ Kd8 43. R2f6 Re7 44. Rxd6+ Kc7 45. Rff6 Rd7 46. Rxd7+ Kxd7 47. Rxg6 a4 48. Rg5 Kd6 49. Kc3 a3 50. b4 cxb4+ 51. Kxb4 Rb8+ 52. Kxa3 Ra8+ 53. Kb3 Rb8+ 54. Ka4 c5 55. a3 Ra8+ 56. Kb5 Rb8+ 57. Ka4 Ra8+ 58. Kb3 Rb8+ 59. Ka2 Rf8 60. Rxh5 Rf3 61. Kb2 Rh3 62. Rh8 Kc6 63. Rh6+ Kc7 64. h5 Kb7 65. Rh8 Kb6 66. h6 Kb7 67. h7 Ka7 68. a4 Kb7 69. a5 Ka7 70. a6 Rh6 71. Kc2 Rh4 72. Kd3 Rd4+ 73. Ke3 Rh4 74. Kf3 Rh1 75. Kg4 Rh2 76. Kf5 Rh1 77. Ke5 Rh6 78. Kd5 Rh5+ 79. Kd6 Rh6+ 80. Kxc5 1-0

[Event "Dulles Cherry Blossom op"]
[Site "Dulles"]
[Date "2022.05.29"]
[Round "7"]
[White "Steingrimsson, Hedinn"]
[Black "Liang, Jason"]
[Result "1-0"]
[WhiteElo "2534"]
[BlackElo "2432"]
[PlyCount "179"]
[EventDate "2022.05.26"]
[EventType "swiss"]
[EventRounds "9"]
[EventCountry "USA"]
[SourceTitle "CBM 208 Extra"]
[Source "ChessBase"]
[SourceDate "2022.07.31"]
[SourceVersion "1"]
[SourceVersionDate "2022.07.31"]
[SourceQuality "1"]

1. d4 d5 2. c4 e6 3. Nc3 a6 4. cxd5 exd5 5. Qb3 Bd6 6. Nf3 Ne7 7. Bg5 c6 8. Bh4 0-0 9. e3 Qc7 10. Rc1 h6 11. Bd3 Be6 12. 0-0 Re8 13. Na4 Nd7 14. Qc2 Bg4 15. Bg3 Nc8 16. b4 Bxg3 17. hxg3 Nd6 18. Nc5 Qc8 19. Nd2 Nf8 20. a4 Bh5 21. Qb2 Bg6 22. Be2 Qd8 23. Rc3 Ne6 24. b5 Nxd4 25. Bd1 N4f5 26. bxc6 bxc6 27. Ndb3 Nc4 28. Qc1 Nfd6 29. Be2 a5 30. Rd1 Qb6 31. Rd4 Re7 32. Bf1 Rb8 33. Rd1 Qa7 34. Rd4 Rb4 35. Rd1 Qb6 36. Kh2 Kh7 37. Rd4 Kh8 38. Rd1 Kg8 39. Rd4 h5 40. Rd1 Ne5 41. Kg1 Nf5 42. Be2 h4 43. gxh4 Rxh4 44. Nd4 Nd6 45. Rb3 Qc7 46. Na6 Qd7 47. Nb8 Qe8 48. Nbxc6 Nxc6 49. Qxc6 Qxc6 50. Nxc6 Rc7 51. Nd4 Kh7 52. Rb8 Rc8 53. Rxc8 Nxc8 54. Rc1 Nb6 55. Bb5 Rh5 56. Rc7 Nc4 57. Ra7 Kg8 58. Nc6 Be4 59. Nxa5 Nxa5 60. Rxa5 Rg5 61. Bf1 Kf8 62. Rb5 Ke7 63. a5 Rh5 64. a6 Rh8 65. f3 Bf5 66. Rxd5 Bd7 67. Bd3 Ra8 68. Kf2 Bc6 69. Rd4 Rb8 70. Be4 Bxe4 71. Rxe4+ Kd6 72. Ra4 Kc6 73. Kg3 Ra8 74. a7 Kb7 75. Kf4 Kc7 76. Kf5 Kd7 77. Ra6 Kc7 78. e4 Kb7 79. Ra1 Kc6 80. g4 Kd6 81. g5 Ke7 82. Ra6 Kd7 83. f4 Ke7 84. Ra1 Kd7 85. Ra2 Ke7 86. Ra6 Kd7 87. e5 Ke7 88. g6 Ke8 89. gxf7+ Kxf7 90. e6+ 1-0

[Event "ISL-ch"]
[Site "Selfoss"]
[Date "2022.05.01"]
[Round "9"]
[White "Steingrimsson, Hedinn"]
[Black "Kjartansson, Gudmundur"]
[Result "0-1"]
[WhiteElo "2538"]
[BlackElo "2430"]
[PlyCount "166"]
[EventDate "2022.04.21"]
[EventType "tourn"]
[EventRounds "9"]
[EventCountry "ISL"]
[EventCategory "7"]
[SourceTitle "CBM 208 Extra"]
[Source "ChessBase"]
[SourceDate "2022.07.31"]
[SourceVersion "1"]
[SourceVersionDate "2022.07.31"]
[SourceQuality "1"]

1. e4 c5 2. Nf3 e6 3. d4 cxd4 4. Nxd4 Nc6 5. Nb5 d6 6. c4 Nf6 7. N1c3 a6 8. Na3 Be7 9. Be2 0-0 10. 0-0 b6 11. Be3 Bb7 12. Rc1 Rc8 13. Kh1 Ne5 14. f3 Qc7 15. Qe1 Bd8 16. Qf2 Ned7 17. Rfd1 Qb8 18. Bf1 Bc7 19. Qg1 Kh8 20. Nc2 Rg8 21. Bd4 g5 22. Rd2 Rg6 23. Re1 Kg8 24. b4 Rh6 25. h3 Rg6 26. Na4 g4 27. Qe3 gxf3 28. gxf3 Nh5 29. Rg2 Ng3+ 30. Kg1 Nxf1 31. Kxf1 Bc6 32. Nb2 b5 33. h4 e5 34. Bc3 Kh8 35. Rxg6 fxg6 36. h5 gxh5 37. Qh6 Rf8 38. Ke2 Rf6 39. Qxh5 Qg8 40. Ne3 Nf8 41. Kd1 Ne6 42. Nf5 Qg5 43. Rh1 Qxh5 44. Rxh5 Ng7 45. Rh6 Rxh6 46. Nxh6 Ne6 47. c5 dxc5 48. bxc5 Kg7 49. Nf5+ Kf6 50. Nd3 Ng5 51. Nh4 a5 52. a3 Bd7 53. Ke2 Bh3 54. Ke3 Ke6 55. Nc1 Bd8 56. Be1 Be7 57. Nd3 Bf1 58. Bxa5 Nh3 59. Nf5 Bg5+ 60. f4 exf4+ 61. Kd4 Bf6+ 62. e5 Bxd3 63. Kxd3 Nf2+ 64. Ke2 Bxe5 65. Nh4 Ne4 66. c6 Kd6 67. Nf3 Bb2 68. Kd3 Nc5+ 69. Kc2 Bf6 70. c7 Kd7 71. Bb6 Ne6 72. Kd3 Nxc7 73. Bxc7 Kxc7 74. Ke4 Kb6 75. Kxf4 Kc5 76. Kf5 Bb2 77. Ng5 Bxa3 78. Nxh7 Kd4 79. Ng5 b4 80. Nf3+ Kc3 81. Ke4 b3 82. Ke3 Bc1+ 83. Ke2 b2 0-1

[Event "Reykjavik Kvika op"]
[Site "Reykjavik"]
[Date "2022.04.10"]
[Round "6"]
[White "Gukesh, Dommaraju"]
[Black "Steingrimsson, Hedinn"]
[Result "1/2-1/2"]
[WhiteElo "2637"]
[BlackElo "2538"]
[PlyCount "66"]
[EventDate "2022.04.06"]
[EventType "swiss"]
[EventRounds "9"]
[EventCountry "ISL"]
[SourceTitle "CBM 207 Extra"]
[Source "ChessBase"]
[SourceDate "2022.05.31"]
[SourceVersion "1"]
[SourceVersionDate "2022.05.31"]
[SourceQuality "1"]

1. d4 Nf6 2. c4 e6 3. Nf3 d5 4. Nc3 c5 5. e3 Nc6 6. a3 dxc4 7. Bxc4 a6 8. 0-0 b5 9. Ba2 Bb7 10. d5 exd5 11. Nxd5 Nxd5 12. Bxd5 Qc7 13. e4 Be7 14. Ng5 0-0 15. Qh5 Bxg5 16. Bxg5 Nd4 17. Qg4 Bxd5 18. Bf6 Ne6 19. exd5 Qf4 20. Qxf4 Nxf4 21. Be7 Rfe8 22. Bxc5 Rac8 23. b4 Nxd5 24. Rfd1 Nc3 25. Rd7 h5 26. h3 Rcd8 27. Rxd8 Rxd8 28. Re1 Na4 29. Re7 Rd3 30. Ra7 Nxc5 31. bxc5 Rxa3 32. c6 Kh7 33. Ra8 Rc3 1/2-1/2

[Event "ISL-chT1 2122"]
[Site "Reykjavik"]
[Date "2022.03.06"]
[Round "10.3"]
[White "Steingrimsson, Hedinn"]
[Black "Kjartansson, Gudmundur"]
[Result "1-0"]
[WhiteElo "2519"]
[BlackElo "2447"]
[PlyCount "95"]
[EventDate "2021.09.30"]
[EventType "team-tourn"]
[EventRounds "10"]
[EventCountry "ISL"]
[SourceTitle "EXT 2023"]
[Source "ChessBase"]
[SourceDate "2022.10.05"]
[SourceVersion "1"]
[SourceVersionDate "2022.10.05"]
[SourceQuality "1"]
[WhiteTeam "Skakdeild Fjolnis"]
[BlackTeam "Taflfelag Reykjavikur"]
[WhiteTeamCountry "ISL"]
[BlackTeamCountry "ISL"]

1. d4 Nf6 2. c4 e6 3. Nc3 Bb4 4. e3 0-0 5. Nge2 c6 6. a3 Ba5 7. b4 Bc7 8. Bb2 d5 9. Ng3 Re8 10. Be2 Nbd7 11. 0-0 dxc4 12. Bxc4 Nb6 13. Bd3 e5 14. dxe5 Bxe5 15. Qe2 Nbd5 16. Nxd5 Bxb2 17. Qxb2 Nxd5 18. Rad1 Qf6 19. Qc2 h6 20. Rfe1 Bg4 21. Rd2 Rad8 22. h3 Bc8 23. Red1 a6 24. Bf1 Qe7 25. Rd4 Nf6 26. Nf5 Bxf5 27. Qxf5 Rxd4 28. Rxd4 Rd8 29. Rxd8+ Qxd8 30. Bc4 Qe7 31. Kf1 g6 32. Qxg6+ Kf8 33. Qxh6+ Ke8 34. Qh8+ Kd7 35. Qb8 Qe4 36. Qxb7+ Kd6 37. Qb8+ Ke7 38. Ba2 Qc2 39. Qe5+ Kf8 40. Qc5+ Qxc5 41. bxc5 Ne4 42. f3 Nxc5 43. Ke2 Ke7 44. g4 Nb7 45. Kd3 Nd6 46. Bc4 a5 47. Kd4 Kd7 48. h4 1-0

[Event "ISL-chT1 2122"]
[Site "Reykjavik"]
[Date "2022.03.03"]
[Round "6.2"]
[White "Pakleza, Zbigniew"]
[Black "Steingrimsson, Hedinn"]
[Result "1/2-1/2"]
[WhiteElo "2500"]
[BlackElo "2535"]
[PlyCount "54"]
[EventDate "2021.09.30"]
[EventType "team-tourn"]
[EventRounds "10"]
[EventCountry "ISL"]
[SourceTitle "EXT 2024"]
[Source "ChessBase"]
[SourceDate "2023.10.10"]
[SourceVersion "1"]
[SourceVersionDate "2023.10.10"]
[SourceQuality "1"]
[WhiteTeam "Vikingaklubburinn"]
[BlackTeam "Skakdeild Fjolnis"]
[WhiteTeamCountry "ISL"]
[BlackTeamCountry "ISL"]

1. Nf3 d5 2. g3 Bg4 3. Bg2 Nd7 4. c4 e6 5. cxd5 exd5 6. 0-0 c6 7. h3 Bxf3 8. Bxf3 h5 9. d4 Bd6 10. Nc3 f5 11. Qd3 g6 12. Bg2 Ngf6 13. Bg5 Qe7 14. Rad1 Qf7 15. e3 Nb6 16. Rfe1 0-0 17. Ne2 Ne4 18. Bh6 Rfe8 19. h4 Re7 20. Bf4 Rae8 21. Bxd6 Nxd6 22. Nf4 Ne4 23. b3 Kg7 24. Bf3 Nc8 25. Kg2 Ncd6 26. Qc2 a6 27. a4 Nf6 1/2-1/2

[Event "ISL-chT1 2122"]
[Site "Reykjavik"]
[Date "2021.10.02"]
[Round "4.1"]
[White "Hillarp Persson, Tiger"]
[Black "Steingrimsson, Hedinn"]
[Result "1/2-1/2"]
[WhiteElo "2541"]
[BlackElo "2519"]
[PlyCount "24"]
[EventDate "2021.09.30"]
[EventType "team-tourn"]
[EventRounds "10"]
[EventCountry "ISL"]
[SourceTitle "EXT 2022"]
[Source "ChessBase"]
[SourceDate "2021.10.06"]
[SourceVersion "1"]
[SourceVersionDate "2021.10.06"]
[SourceQuality "1"]
[WhiteTeam "Skakfelag Akureyrar"]
[BlackTeam "Skakdeild Fjolnis"]
[WhiteTeamCountry "ISL"]
[BlackTeamCountry "ISL"]

1. c4 c6 2. Nf3 d5 3. e3 Nf6 4. Nc3 e6 5. b3 Bd6 6. Bb2 0-0 7. Qc2 e5 8. cxd5 cxd5 9. Nb5 Nc6 10. Nxd6 Qxd6 11. Bb5 Nb4 12. Qc1 Qb6 1/2-1/2

[Event "ISL-chT1 2122"]
[Site "Reykjavik"]
[Date "2021.09.30"]
[Round "1.2"]
[White "Hjartarson, Johann"]
[Black "Steingrimsson, Hedinn"]
[Result "0-1"]
[WhiteElo "2519"]
[BlackElo "2519"]
[PlyCount "98"]
[EventDate "2021.09.30"]
[EventType "team-tourn"]
[EventRounds "10"]
[EventCountry "ISL"]
[SourceTitle "EXT 2024"]
[Source "ChessBase"]
[SourceDate "2023.10.10"]
[SourceVersion "1"]
[SourceVersionDate "2023.10.10"]
[SourceQuality "1"]
[WhiteTeam "Vikingaklubburinn"]
[BlackTeam "Skakdeild Fjolnis"]
[WhiteTeamCountry "ISL"]
[BlackTeamCountry "ISL"]

1. c4 c6 2. Nf3 d5 3. b3 Bg4 4. Bb2 e6 5. e3 Nd7 6. Be2 Ngf6 7. 0-0 Bd6 8. d4 0-0 9. Nc3 Re8 10. h3 Bh5 11. Ne5 Bxe2 12. Nxe2 Qc7 13. Nd3 dxc4 14. bxc4 c5 15. Rc1 Rac8 16. Qb3 b6 17. Rfd1 cxd4 18. exd4 Ne4 19. Ba1 e5 20. Qb2 f5 21. Qb5 Kh8 22. dxe5 Nxe5 23. Nxe5 Bxe5 24. Rd7 Qc5 25. Bxe5 Rxe5 26. Qxc5 Nxc5 27. Rd2 g6 28. Nf4 Kg7 29. h4 Kf7 30. g3 Re7 31. Kg2 Ne6 32. Nd3 Nc5 33. Nf4 Ne4 34. Rdc2 Rc5 35. f3 Nf6 36. Nd3 Ra5 37. Kf2 Ra3 38. Rd2 Ne4+ 39. fxe4 fxe4 40. Re1 exd3 41. Rxe7+ Kxe7 42. Ke3 Ke6 43. Kd4 Kf5 44. c5 bxc5+ 45. Kxc5 a5 46. Kd4 Kg4 47. Ke3 Kxg3 48. Rb2 d2+ 49. Kxd2 Kxh4 0-1

[Event "EU-ch 21st"]
[Site "Reykjavik"]
[Date "2021.08.29"]
[Round "4"]
[White "Sargissian, Gabriel"]
[Black "Steingrimsson, Hedinn"]
[Result "1-0"]
[WhiteElo "2682"]
[BlackElo "2519"]
[PlyCount "127"]
[EventDate "2021.08.26"]
[EventType "swiss"]
[EventRounds "11"]
[EventCountry "ISL"]
[SourceTitle "CBM 204"]
[Source "ChessBase"]
[SourceDate "2021.10.31"]
[SourceVersion "1"]
[SourceVersionDate "2021.10.31"]
[SourceQuality "1"]

1. d4 d5 2. c4 c6 3. Nf3 Nf6 4. Nc3 e6 5. Bg5 Nbd7 6. e3 Qa5 7. cxd5 Nxd5 8. Rc1 Nxc3 9. bxc3 Ba3 10. Rc2 b6 11. Bd3 Ba6 12. 0-0 Bxd3 13. Qxd3 0-0 14. e4 Rfe8 15. Bf4 Rad8 16. Qe2 c5 17. Rd1 b5 18. c4 bxc4 19. Qxc4 Nb6 20. Qe2 Qa4 21. dxc5 Rxd1+ 22. Qxd1 Bxc5 23. Qd3 Qb4 24. g3 Rc8 25. Kg2 h6 26. Ne5 Qa4 27. h4 Bd4 28. Rxc8+ Nxc8 29. Qc4 Nb6 30. Qxa4 Nxa4 31. Nc6 Bc5 32. Bd2 f5 33. exf5 exf5 34. Be3 Ba3 35. Bd4 a6 36. Kf3 g5 37. hxg5 hxg5 38. g4 fxg4+ 39. Kxg4 Kf7 40. Kf5 Bc5 41. Bxc5 Nxc5 42. f3 Nd3 43. Kxg5 Ke6 44. f4 Kd5 45. Nb8 Nc5 46. f5 a5 47. Kg6 Ne4 48. Nd7 Kc4 49. Ne5+ Kc3 50. Nf3 Kb2 51. Ng5 Nc5 52. a4 Ka3 53. Kf7 Kxa4 54. Ke8 Nd3 55. f6 Ne5 56. Nf3 Nxf3 57. f7 Nd4 58. f8Q Nb3 59. Kd7 Kb5 60. Qa3 a4 61. Kd6 Ka5 62. Ke5 Kb5 63. Kd5 Ka5 64. Qe7 1-0

[Event "Charlotte CCCSA Holiday GM"]
[Site "Charlotte"]
[Date "2019.12.29"]
[Round "7"]
[White "Mishra, Abhimanyu"]
[Black "Steingrimsson, Hedinn"]
[Result "1/2-1/2"]
[WhiteElo "2397"]
[BlackElo "2530"]
[PlyCount "93"]
[EventDate "2019.12.26"]
[EventType "tourn"]
[EventRounds "9"]
[EventCountry "USA"]
[EventCategory "8"]
[SourceTitle "CBM 194 Extra"]
[Source "ChessBase"]
[SourceDate "2020.03.31"]
[SourceVersion "1"]
[SourceVersionDate "2020.03.31"]
[SourceQuality "1"]

1. e4 c5 2. Nf3 d6 3. d4 cxd4 4. Qxd4 Nc6 5. Bb5 Bd7 6. Qd3 g6 7. 0-0 Bg7 8. c4 Nf6 9. Nc3 0-0 10. h3 a6 11. Bxc6 Bxc6 12. Nd4 Nd7 13. Be3 Rc8 14. Rac1 Nc5 15. Qc2 Ne6 16. Qd2 Nc5 17. Qc2 Ne6 18. Qd2 Nxd4 19. Bxd4 Bxd4 20. Qxd4 Qa5 21. Rfe1 Rfd8 22. a3 Qc5 23. Qd3 e6 24. Red1 Be8 25. Ne2 Qg5 26. Nc3 b5 27. cxb5 axb5 28. Qd2 Qxd2 29. Rxd2 Kf8 30. Rcd1 Ke7 31. Rd4 Rc5 32. f3 g5 33. Kf2 Bc6 34. Ke3 h5 35. g3 f5 36. g4 hxg4 37. hxg4 fxg4 38. fxg4 Rh8 39. R1d2 Rh3+ 40. Kf2 Rh2+ 41. Ke3 Rh3+ 42. Kf2 Rh2+ 43. Ke3 Rh4 44. Kf3 d5 45. exd5 exd5 46. Kg3 Rc4 47. Nxd5+ 1/2-1/2

[Event "Charlotte CCCSA Holiday GM"]
[Site "Charlotte"]
[Date "2019.12.29"]
[Round "6"]
[White "Steingrimsson, Hedinn"]
[Black "Wang, Justin"]
[Result "1-0"]
[WhiteElo "2530"]
[BlackElo "2454"]
[PlyCount "107"]
[EventDate "2019.12.26"]
[EventType "tourn"]
[EventRounds "9"]
[EventCountry "USA"]
[EventCategory "8"]
[SourceTitle "CBM 194 Extra"]
[Source "ChessBase"]
[SourceDate "2020.03.31"]
[SourceVersion "1"]
[SourceVersionDate "2020.03.31"]
[SourceQuality "1"]

1. d4 Nf6 2. c4 e6 3. Nc3 Bb4 4. Qc2 d5 5. cxd5 exd5 6. Bg5 h6 7. Bh4 0-0 8. e3 Be6 9. a3 Be7 10. Nge2 Bc8 11. Nc1 a5 12. Bd3 Na6 13. 0-0 Re8 14. N1e2 c6 15. f3 c5 16. Rad1 Be6 17. Nf4 Rc8 18. Nxe6 fxe6 19. Bg6 Rf8 20. Kh1 Qb6 21. Qe2 Kh8 22. Bb1 Kg8 23. Qc2 Qc6 24. f4 Rc7 25. Bxf6 Bxf6 26. Qh7+ Kf7 27. f5 Ke7 28. fxe6 Qxe6 29. e4 cxd4 30. Nxd5+ Kd6 31. Nxc7 Kxc7 32. Qf5 Qxf5 33. Rxf5 Re8 34. Rxa5 Kb6 35. b4 Nc7 36. g3 Nb5 37. Bd3 Nc3 38. Re1 Bg5 39. e5 Bd2 40. Rf1 Re7 41. Kg2 Kc6 42. Rc5+ Kb6 43. Bc4 Be3 44. Rf3 h5 45. h4 Ne4 46. Rb5+ Ka7 47. Bd3 Nc3 48. Ra5+ Kb6 49. Rf8 Bh6 50. a4 Be3 51. Raa8 Kc6 52. Rac8+ Rc7 53. b5+ Kb6 54. a5+ 1-0